Catálogo
 En Linea

Guía de Prestadores de Servicios de Salud. (Registro nro. 44911)

Detalles MARC
000 -CABECERA
campo de control de longitud fija 00283nam a2200097 a 4500
005 - FECHA Y HORA DE LA ÚLTIMA TRANSACCIÓN
campo de control 20201002052237.0
008 - DATOS DE LONGITUD FIJA--INFORMACIÓN GENERAL
campo de control de longitud fija 150309s2011 000 spa d
040 ## - FUENTE DE LA CATALOGACIÓN
Centro catalogador/agencia de origen DO-SdBNP
245 #0 - MENCIÓN DE TÍTULO
Título Guía de Prestadores de Servicios de Salud.
260 ## - PUBLICACIÓN, DISTRIBUCIÓN, ETC.
Lugar de publicación, distribución, etc. Santo Domingo, República Dominicana,
Fecha de publicación, distribución, etc. 2011.

No hay ítems disponibles.

Con tecnología Koha